Long-life learning : preparing for jobs that don't even exist yet

Bibliographic Details
Main Author: Weise, Michelle R. (Author)
Format: Book
Language:English
Published: Hoboken, New Jersey : John Wiley & Sons, Inc. 2021
Subjects:

MARC

LEADER 00000cam a2200000 7i4500
001 0000030133
005 20221006.0
008 220923 nju eng
020 |a 9781119597483 
040 |a INS   |b eng   |e rda 
090 0 0 |a HF5549.5.T7   |b W45 2021 
100 1 |a Weise, Michelle R. ,   |e author 
245 1 0 |a Long-life learning :   |b preparing for jobs that don't even exist yet   |c Michelle R. Weise 
264 1 |a Hoboken, New Jersey :   |b John Wiley & Sons, Inc.   |c 2021 
300 |a xv, 256 pages ;   |c 24 cm. 
336 |a text  |2 rdacontent 
337 |a unmediated  |2 rdamedia 
338 |a volume  |2 rdacarrier 
500 |a Includes index 
650 0 |a Career education 
650 0 |a Employees   |x Training of 
650 0 |a Manpower planning 
650 0 |a Occupational training 
650 0 |a Vocational education 
999 |a 1000004552   |b BOOK   |c Open Shelf   |e Default branch